00775cam a2200217 a 45000010008000000030005000080050017000130080041000300100017000710200018000880400018001060500027001240820016001511000031001672450035001982600043002333000021002766510067002978560089003648560104004533542974Nust20170214104129.0970418s1997 mau 000 1 eng  a 97019956  a9780747598251 aDLCcDLCdDLC00aPS3557.I3415bP55 199700a813.54bGIL1 aGilbert, Elizabeth,d1969-10aPilgrims /cElizabeth Gilbert. aBoston :bHoughton Mifflin Co.,c1997. a210 p. ;c22 cm. 0aUnited StatesxSocial life and customsy20th centuryxFiction.423Publisher descriptionuhttp://www.loc.gov/catdir/enhancements/fy0728/97019956-d.html423Contributor biographical informationuhttp://www.loc.gov/catdir/enhancements/fy0736/97019956-b.html